| 000 | nam a22 a 4500 | ||
|---|---|---|---|
| 999 |
_c384718 _d384718 |
||
| 005 | 20200824133926.0 | ||
| 008 | 200824b bu ||||| |||| 00| 0 bu d | ||
| 041 |
_aBUL _cBUL |
||
| 080 |
_aУпражнения с твърди опорни гимнастически уреди и съоръжения (гимнастически кон, успоредка и др.) _b796.414 _x(075.4) _z796.414(075.4) |
||
| 139 | _aГреда | ||
| 245 | 1 | 0 |
_aГреда _bУч. помагало за специалисти _cСъавт. Ц. Димова; Под ред. на Н. Хаджиев; Бонка Михайлова Димитрова; Цветана Димова; Цветана Първанова Добрева; Жечка Димитрова Кръстева; Никола Иванов Хаджиев. |
| 257 | _aBGR | ||
| 260 |
_aСофия _bВИФ Г. Димитров _c1981 |
||
| 300 |
_a104 с. _bс ил. _c15Х21 см |
||
| 380 | _a79 | ||
| 500 | _aДруги авт.: Ц. Добрева, Ж. Кръстева, Б. Димитрова ; Пълното име на авт. Ц. Димова е Цветана Димова Иванова. - Изд. на ЕЦНПК по физ. култура и спорт. ВИФ Г. Димитров. Кат. Гимнастика. - Офс. изд. - 450 тир. | ||
| 653 | 7 |
_aхудожествена гимнастика _9200262 |
|
| 653 | 7 |
_aучебници за ВУЗ _9199104 |
|
| 700 | 1 |
_aДимова, Ц. _eСъавт. _9430899 |
|
| 700 | 1 |
_aХаджиев, Н. _eПод ред. на _9430900 |
|
| 700 | 1 |
_aДимитрова, Бонка Михайлова _9430901 |
|
| 700 | 1 |
_aДимова, Цветана _9430902 |
|
| 700 | 1 |
_aДобрева, Цветана Първанова _9430903 |
|
| 700 | 1 |
_aКръстева, Жечка Димитрова _9430904 |
|
| 700 | 1 |
_aХаджиев, Никола Иванов _9430905 |
|
| 852 |
_aЦб I 18937 _bЦб |
||
| 942 |
_cKNG _n0 _2udc _s1 |
||
| 944 |
_aCR _c2020-08-24 |
||